Medzinárodné vzťahy vedecký časopis pre medzinárodné politické, ekonomické, kultúrne a právne vzťahy

Guardado en:
Detalles Bibliográficos
Formato: Seriadas
Lenguaje:eslovaco
Publicado: Bratislava Fakulta medzinárodných vzťahov EU 2014
Materias:
Etiquetas: Agregar Etiqueta
Sin Etiquetas, Sea el primero en etiquetar este registro!

MARC

LEADER 00000nas2a2200000 4500
001 0252087
005 20190318111741.0
022 |a 1339-2751 
041 0 |a slo 
044 |a SK 
245 1 0 |a Medzinárodné vzťahy  |b vedecký časopis pre medzinárodné politické, ekonomické, kultúrne a právne vzťahy 
264 1 |a Bratislava  |b Fakulta medzinárodných vzťahov EU  |c 2014 
773 0 |w eu_un_cat*s125092 
610 2 0 |a politika medzinárodná 
610 2 0 |a vzťahy hospodárske medzinárodné 
610 2 0 |a obchod medzinárodný 
610 2 0 |a právo medzinárodné 
610 2 0 |a vzťahy interkultúrne 
610 2 0 |a história